| 000 | 01953nam0a2200361 4500 | ||
|---|---|---|---|
| 001 | RU\NLR\BIBL_A\022052954 | ||
| 005 | 20260409080736.0 | ||
| 010 |
_a978-5-85803-609-8 _9500 |
||
| 021 |
_aRU _b2023-58593 _9КН-П-5920 |
||
| 035 | _a(NLR Aleph) 022052954 | ||
| 090 |
_a12603404 _c12603404 |
||
| 100 | _a20231018d2023 |||y0rusy50 ca | ||
| 101 | 1 |
_arus _ceng |
|
| 102 | _aRU | ||
| 105 | _ay z 000zy | ||
| 181 | 0 |
_ai _baxxe |
|
| 182 | 0 | _an | |
| 200 | 1 |
_aРазличные чтения Корана _eкритическое исследование исторических и лингвистических предпосылок _fАхмад ‘Али ал-Имам _gпер. с англ. Талиба Гасанова _gс предисловием Тахи Джабира ал-Алвани |
|
| 203 |
_aТекст _bвизуальный _cнепосредственный |
||
| 210 |
_aСанкт-Петербург _cПетербургское Востоковедение _d2023 |
||
| 215 |
_a347, [4] с. _d17 |
||
| 300 | _aПер. изд.: Varint readings of the Qur'an/Ahmad ‘Ali al-Imam. - London, 2006 | ||
| 300 | _aВ конце кн. авт.: проф. Ахмад 'Али ал-Имам | ||
| 320 | _aБиблиогр. в конце кн., в конце глав и в подстроч. примеч. | ||
| 454 | 0 |
_12001#$aVarint readings of the Qur'an$fAhmad ‘Ali al-Imam _1210##$aLondon$d2006 _1700#1$aImam$bA. ‘A. al$f1945-2012$gAhmad ‘Ali al$3RU\NLR\AUTH\770261681 _tVarint readings of the Qur'an _aImam, Ahmad ‘Ali al (1945-2012) |
|
| 500 |
_aКоран _3RU\NLR\AUTH\559118 _92631165 |
||
| 605 |
_aКоран _xИсследование текста _92075602 _3RU\NLR\AUTH\661250682 |
||
| 686 | 1 | _aЭ38-210.2 | |
| 700 | 1 |
_7ca _8rus _aИмам _bА. ‘А. ал _f1945-2012 _gАхмад ‘Али ал _9261630 _3RU\NLR\AUTH\770261686 |
|
| 942 | _cBOOK | ||
| 980 | _aNB | ||